[Event "ChFRA - Accession"]
[Site "Aix-les-Bains"]
[Date "2007.??.??"]
[Round "10.37"]
[White "Lalau, Alexandre"]
[Black "Spiteri, Jean"]
[Result "1/2-1/2"]
[WhiteElo "2113"]
[BlackElo "2067"]
[PlyCount "43"]
[EventDate "2007.??.??"]
[EventType "swiss"]
[EventRounds "11"]
[EventCountry "FRA"]

1. e4 c5 2. Nf3 Nc6 3. d4 cxd4 4. Nxd4 Nf6 5. Nc3 e5 6. Ndb5 d6 7. a4 Bg4 8. f3
Be6 9. Be3 a6 10. Na3 d5 11. exd5 Nxd5 12. Nxd5 Bxd5 13. Bc4 Bxc4 14. Qxd8+
Rxd8 15. Nxc4 Be7 16. c3 f6 17. Ke2 Kf7 18. Bb6 Rd7 19. Rhd1 Rxd1 20. Rxd1 Ke6
21. b3 Rc8 22. Rd3 1/2-1/2